<?xml version="1.0" encoding="UTF-8"?>
<record
    xmlns:xsi="http://www.w3.org/2001/XMLSchema-instance"
    xsi:schemaLocation="http://www.loc.gov/MARC21/slim http://www.loc.gov/standards/marcxml/schema/MARC21slim.xsd"
    xmlns="http://www.loc.gov/MARC21/slim">

  <leader>004640000a22001570004500</leader>
  <controlfield tag="001">5901</controlfield>
  <datafield tag="010" ind1=" " ind2=" ">
    <subfield code="a">2-7181-5830-8</subfield>
  </datafield>
  <datafield tag="090" ind1=" " ind2=" ">
    <subfield code="9">5904</subfield>
    <subfield code="a">5901</subfield>
  </datafield>
  <datafield tag="099" ind1=" " ind2=" ">
    <subfield code="t">LIVR</subfield>
  </datafield>
  <datafield tag="100" ind1=" " ind2=" ">
    <subfield code="a">20130715              frey50        </subfield>
  </datafield>
  <datafield tag="101" ind1=" " ind2=" ">
    <subfield code="a">fre</subfield>
  </datafield>
  <datafield tag="200" ind1=" " ind2=" ">
    <subfield code="a">Chocs et entrechocs de l'&#xE9;conomie mondiale 1973-1987</subfield>
    <subfield code="b">LIVR</subfield>
    <subfield code="f">Claude BEAUD</subfield>
  </datafield>
  <datafield tag="210" ind1=" " ind2=" ">
    <subfield code="a">Paris</subfield>
    <subfield code="c">s.e.d.e.s.</subfield>
    <subfield code="d">1988</subfield>
  </datafield>
  <datafield tag="215" ind1=" " ind2=" ">
    <subfield code="a">216p.</subfield>
    <subfield code="d">24cm.</subfield>
  </datafield>
  <datafield tag="610" ind1=" " ind2=" ">
    <subfield code="a">ECONOMIE MONDIALE</subfield>
    <subfield code="a">CRISE ECONOMIQUE</subfield>
    <subfield code="a">PAYS DEVELOPPES</subfield>
  </datafield>
  <datafield tag="700" ind1="1" ind2=" ">
    <subfield code="a">BEAUD</subfield>
    <subfield code="b">Claude</subfield>
  </datafield>
  <datafield tag="995" ind1=" " ind2=" ">
    <subfield code="5">2022-04-21</subfield>
    <subfield code="9">6587</subfield>
    <subfield code="b">BENA</subfield>
    <subfield code="c">BENA</subfield>
    <subfield code="e">Magasin</subfield>
    <subfield code="f">B34866</subfield>
    <subfield code="k">B34866</subfield>
    <subfield code="o">0</subfield>
  </datafield>
</record>
